000
00186nam a2200085 4500
001
1257951
005
20260220134713.0
245
_a
ORHAN YAZITLARI
_c
YÜCEL ÖZTÜRK
260
_b
CEZVE ÇOCUK
999
_c
1257951
_d
1257951